La Reinternalització de serveis públics: aspectes administratius i laborals /
MARC
| LEADER | 00000nam a2200000 i 4500 | ||
|---|---|---|---|
| 001 | 25253 | ||
| 003 | Arxiu | ||
| 005 | 20260324181100.0 | ||
| 008 | 180223e201711 spc|||| ||||o0|0 0 cat| | ||
| 015 | |a LL2018 |2 bnc | ||
| 017 | |a DL B 27567-2017 |b Biblioteca de Catalunya | ||
| 020 | |a 9788498038187 | ||
| 035 | |a (ES-BaCBU).b70059263 | ||
| 040 | |a ES-BaBC |b cat |e rda |c ES-BaBC | ||
| 041 | 1 | |a cat |h spa | |
| 043 | |a e-sp-- | ||
| 080 | |a 352/353:340.13 |x (460) |2 2004 | ||
| 080 | |a 338.465 |x (460-2) |2 2004 | ||
| 080 | |a 352 |x (460) |2 2004 | ||
| 080 | |a 338.246.025.88 |x (460) |2 2004 | ||
| 100 | 1 | |a Castillo Blanco, Federico A. |e autor |9 338 | |
| 240 | 1 | 0 | |a Reinternalización de servicios públicos: aspectos administrativos y laborales. |l Català |
| 245 | 1 | 3 | |a La Reinternalització de serveis públics: aspectes administratius i laborals / |c Federico A. Castillo Blanco |
| 264 | 1 | |a [Barcelona] : |b Diputació de Barcelona, |c novembre 2017 | |
| 300 | |a 141 pàgines ; |c 24 cm | ||
| 336 | |a text |b txt |2 rdacontent | ||
| 337 | |a sense mediació |b n |2 rdamedia | ||
| 338 | |a volum |b nc |2 rdacarrier | ||
| 490 | 1 | |a Estudis de relacions laborals ; |v 12 | |
| 500 | |a Títol original: La reinternalización de servicios públicos: aspectos administrativos y laborales | ||
| 504 | |a Bibliografia: pàgines 133-140 | ||
| 650 | 7 | |a Administració local |x Dret i legislació |z Espanya. |2 lemac |9 11255 | |
| 650 | 7 | |a Serveis municipals |x Dret i legislació |z Espanya. |2 lemac | |
| 650 | 7 | |a Municipis |x Govern i administració |z Espanya. |2 lemac | |
| 650 | 7 | |a Privatització |z Espanya. |2 lemac |9 54013 | |
| 710 | 1 | |a Barcelona (Catalunya : Província). |b Diputació |9 52408 | |
| 710 | 1 | |a Consorci d'Estudis, Mediació i Conciliació a l'Administració Local (Barcelona) |9 52747 | |
| 830 | 0 | |a Estudis de relacions laborals ; |v 12 |9 54074 | |
| 907 | |a .b70059263 |b 18-02-21 |c 23-02-18 |d 23-02-18 |e m |f a |g - |h cat |i spc |j 0 |k 0 | ||
| 908 | |a BC |a EAPC | ||
| 940 | |a BC | ||
| 942 | |2 udc |c ARXIU |n 1 | ||
| 952 | |0 0 |1 0 |4 0 |6 BIB512 |7 1 |9 61298 |a Arxiu |b Arxiu |d 2022-04-12 |l 0 |o Bib-512 |p 25253 |r 2022-04-12 00:00:00 |w 2022-04-12 |y ARXIU | ||
| 952 | |0 0 |1 0 |2 udc |4 0 |6 PDL |7 0 |9 63323 |a Arxiu |b Arxiu |d 2022-08-02 |l 0 |o PDL |p 260403 |r 2022-08-02 00:00:00 |w 2022-08-02 |y ARXIU | ||
| 999 | |c 81274 |d 81274 | ||